000
00218nam a2200097Ia 4500
008
230907s9999||||xx |||||||||||||| ||und||
082
_a
621.31,MIC
245
0
_a
Microgrids :
300
_a
xxi, 317 pages :
942
_c
BK
999
_c
597685
_d
597685